Nehmotné formy odmeňovania zamestnancov ako nástroj efektívnej odmeny bakalárska práca

Saved in:
Bibliographic Details
Main Author: Dvorská, Jana
Corporate Author: Fakulta podnikového manažmentu EU. Katedra manažmentu
Other Authors: Blštáková, Jana, 1980-
Format: Book
Language:Slovak
Published: Bratislava 2011
Tags: Add Tag
No Tags, Be the first to tag this record!

MARC

LEADER 00000nbm a2200000 4500
001 0131228
005 20161109111416.8
041 0 |a slo 
044 |a SK 
245 1 0 |a Nehmotné formy odmeňovania zamestnancov ako nástroj efektívnej odmeny  |b bakalárska práca  |c Jana Dvorská ; školiteľ: Jana Blštáková 
264 1 |a Bratislava  |c 2011 
300 |a 48 s. 
100 1 |a Dvorská, Jana 
700 1 |a Blštáková, Jana, 1980- 
710 2 |a Fakulta podnikového manažmentu EU. Katedra manažmentu